Giáo trình kinh tế ngoại thương /

Uloženo v:
Podrobná bibliografie
Hlavní autor: Bùi Xuân Lưu, GS. TS
Médium: Kniha
Jazyk:Vietnamese
Vydáno: Giáo dục 2002
Tagy: Přidat tag
Žádné tagy, Buďte první, kdo otaguje tento záznam!
Thư viện lưu trữ: Mạng thư viện Đại học Đà Nẵng
LEADER 00629nam a2200265 4500
001 000027089
003 BU-L02
005 20150403120000.0
008 150403s vm 000 vie
020 |c 0,0000 
040 |a notts 
100 |a Bùi Xuân Lưu, GS. TS 
245 |a Giáo trình kinh tế ngoại thương /  |c Bùi XuânLưu. 
260 |b Giáo dục  |c 2002 
OWN |a LTT 
999 |a From the UDN01 
TYP |a Monograph 
TYP |a Printed language 
980 |a Mạng thư viện Đại học Đà Nẵng